01241nam a2200337 a 450000100060000000300080000600500170001400600190003100700150005000800410006502000180010603500230012403500240014703500250017103500210019604000260021705000230024308000160026608200120028210000370029424501530033126000630048430000110054753301640055865000210072265000200074365500270076370000320079071000190082285600620084137975FlNmELB20241216221537.0m o d | cr cn|||||||||201111r2010 ck |||||s|||||||||||spa d z9789588085883 a(MiAaPQ)EBC3195219 a(Au-PeEL)EBL3195219 a(CaPaEBR)ebr10498549 a(OCoLC)929303804 aFlNmELBbspacFlNmELB 4aHB172.5bR119 2010 a330.101.54104a3392221 aRache de Camargo, Blanca Luz de.10aMacroeconomíah[recurso electronico] :bideas fundamentales y talleres de aplicación /cBlanca Luz Rache de Camargo y Gloria Nancy Blanco Neira. aBogotá :bEditorial Politécnico Grancolombiano,c2010. a223 p. aRecurso electrónico. Santa Fe, Arg.: e-libro, 2015. Disponible vía World Wide Web. El acceso puede estar limitado para las bibliotecas afiliadas a e-libro. 0aMacroeconomía. 0aMacroeconomics. 4aLibros electrónicos.1 aBlanco Neira, Gloria Nancy.2 ae-libro, Corp.40uhttps://elibro.net/ereader/politecnicointernacional/70781